<?xml version="1.0" encoding="UTF-8"?>
<marc:record xmlns:marc="http://www.loc.gov/MARC21/slim">
   <marc:leader>00000nam a2200000 a 4500</marc:leader>
   <marc:datafield ind1="1" ind2=" " tag="100">
      <marc:subfield code="a">Lüftner, Kai</marc:subfield>
      <marc:subfield code="4">aut</marc:subfield>
      <marc:subfield code="e">Verfasser/-in</marc:subfield>
   </marc:datafield>
   <marc:datafield ind1="1" ind2=" " tag="100">
      <marc:subfield code="a">Drews, Judith</marc:subfield>
      <marc:subfield code="4">ill</marc:subfield>
      <marc:subfield code="e">Illustrator/-in</marc:subfield>
   </marc:datafield>
   <marc:datafield ind1=" " ind2=" " tag="653">
      <marc:subfield code="a">Jungenbande</marc:subfield>
   </marc:datafield>
   <marc:datafield ind1=" " ind2=" " tag="653">
      <marc:subfield code="a">Rivalität</marc:subfield>
   </marc:datafield>
   <marc:datafield ind1=" " ind2=" " tag="653">
      <marc:subfield code="a">Mädchenbande</marc:subfield>
   </marc:datafield>
   <marc:datafield ind1=" " ind2=" " tag="653">
      <marc:subfield code="a">Softcover / Kinder- und Jugendbücher/Kinderbücher bis 11 Jahre</marc:subfield>
   </marc:datafield>
   <marc:datafield ind1=" " ind2=" " tag="653">
      <marc:subfield code="a">Kinderbuch</marc:subfield>
   </marc:datafield>
   <marc:datafield ind1=" " ind2=" " tag="653">
      <marc:subfield code="a">Kinderbücher bis 11 Jahre</marc:subfield>
   </marc:datafield>
   <marc:datafield ind1="0" ind2="0" tag="245">
      <marc:subfield code="a">Achtung, Milchpiraten - Rache für Rosa</marc:subfield>
   </marc:datafield>
   <marc:datafield ind1="0" ind2="0" tag="245">
      <marc:subfield code="c">Kai Lüftner. Ill. von Judith Drews</marc:subfield>
   </marc:datafield>
   <marc:datafield ind1=" " ind2="1" tag="264">
      <marc:subfield code="a">München</marc:subfield>
      <marc:subfield code="b">ArsEd.</marc:subfield>
      <marc:subfield code="c">2013</marc:subfield>
   </marc:datafield>
   <marc:datafield ind1="1" ind2=" " tag="520">
      <marc:subfield code="a">Angaben aus der Verlagsmeldung

Milchpiraten - Rache für Rosa / von Kai Lüftner

Noch unglaublichere und viel haarstr&amp;auml;ubendere Abenteuergeschichten f&amp;uuml;r Schreih&amp;auml;lse, Nasebohrer, Dreckspatzen, Nicht-Stillsitzenk&amp;ouml;nner, Essen-Manscher, Wand-Beschmierer, Popel-Schnipser, St&amp;uuml;hle-Kippler und Zahnl&amp;uuml;cken-Pfeifer &amp;ndash; und alle anderen &amp;ndash; BESONDERS f&amp;uuml;r M&amp;auml;dchen.

Die Milchpiraten sind immer noch so ungef&amp;auml;hr die coolste Bande, die man sich vorstellen kann. Sie leben auf Ping und Pong, das sind zwei Inseln mitten in der Ostsee. Zum Beginn der Sommerferien gabs eine wilde Party beim Obermilchpiraten Bruno, bei der so einiges daneben ging &amp;hellip; peinlich, peinlich! Das Allerpeinlichste ist aber ist, dass es Beweis-Fotos gibt von dem Desaster. Und die sind in die H&amp;auml;nde der MEDEL-Bande geraten, die jetzt ganz klar ihre Chance nutzen wollen und &amp;bdquo;Rache f&amp;uuml;r Rosa!&amp;ldquo; ausgerufen haben nehmen will. Endlich mal die den Jungs mal austricksen eins auswischen! Daf&amp;uuml;r haben hat die Medels MEDEL-Bande einen genialen Plan &amp;hellip;

Aber es kommt nat&amp;uuml;rlich wieder mal komplett anders, als alle denken. Komplett anders!

Aaargh, mit drei A!
</marc:subfield>
   </marc:datafield>
   <marc:datafield ind1=" " ind2=" " tag="020">
      <marc:subfield code="a">9783845803050</marc:subfield>
      <marc:subfield code="9">9783845803050</marc:subfield>
   </marc:datafield>
   <marc:datafield ind1=" " ind2=" " tag="020">
      <marc:subfield code="a">3845803053</marc:subfield>
      <marc:subfield code="9">3845803053</marc:subfield>
   </marc:datafield>
   <marc:datafield ind1=" " ind2=" " tag="041">
      <marc:subfield code="a">ger</marc:subfield>
   </marc:datafield>
   <marc:datafield ind1=" " ind2=" " tag="300">
      <marc:subfield code="a">100 S.</marc:subfield>
   </marc:datafield>
</marc:record>
